Percepciones interculturales y la internacionalización de la educación universitaria (de orientación económica)
Gespeichert in:
| 1. Verfasser: | |
|---|---|
| Format: | Buchkapitel |
| Sprache: | Spanisch |
| Schlagworte: | |
| Tags: |
Keine Tags, Fügen Sie das erste Tag hinzu!
|
MARC
| LEADER | 00000naa$a2200000$$$4500 | ||
|---|---|---|---|
| 001 | 0058392 | ||
| 005 | 20240502083140.5 | ||
| 041 | 0 | |a spa | |
| 044 | |a RS | ||
| 245 | 1 | 0 | |a Percepciones interculturales y la internacionalización de la educación universitaria |b (de orientación económica) |c Jana Lenghardtová |
| 610 | 2 | 0 | |a vzdelávanie vysokoškolské |
| 610 | 2 | 0 | |a univerzity |
| 610 | 2 | 0 | |a internacionalizácia |
| 610 | 2 | 0 | |a ekonómovia |
| 610 | 2 | 0 | |a manažéri |
| 610 | 2 | 0 | |a Latinská Amerika |
| 610 | 2 | 0 | |a Slovensko |
| 610 | 2 | 0 | |a komunikácia multikultúrna |
| 100 | 1 | |a Lenghardtová, Jana | |